Breath of the Wild Ruins - Statistics

General Stats
  • This quiz has been taken 15 times
    14 since last reset
  • The average score is 21 of 51
Answer Stats
Region Answer % Correct
Central Hyrule Castle Town Ruins
86%
Great Plateau Temple of Time
86%
Akkala Akkala Citadel Ruins
71%
Hateno Fort Hateno
71%
Central Ranch Ruins
71%
Wasteland Arbiter's Grounds
57%
Lake Deya Village Ruins
57%
Central Exchange Ruins
57%
Lake Zonai Ruins
57%
Tabantha Ancient Columns
43%
Great Plateau Eastern Abbey
43%
Central East Post Ruins
43%
Woodland Forgotten Temple
43%
Lanayru Goponga Village Ruins
43%
Hateno Lanayru Promenade
43%
Akkala Lomei Labyrinth Island
43%
Central Mabe Village Ruins
43%
Woodland Maritta Exchange Ruins
43%
Woodland Military Training Camp
43%
Hebra North Lomei Labyrinth
43%
Faron Palmorae Ruins
43%
Central Quarry Ruins
43%
Woodland Rauru Settlement Ruins
43%
Ridgeland Royal Ancient Lab Ruins
43%
Ridgeland Sanidin Park Ruins
43%
Akkala Shadow Hamlet Ruins
43%
Wasteland South Lomei Labyrinth
43%
Lake Spring of Courage
43%
Akkala Spring of Power
43%
Hateno Spring of Wisdom
43%
Gerudo Statue of the Eighth Heroine
43%
Hebra Tabantha Village Ruins
43%
Woodland Thyphlo Ruins
43%
Akkala Akkala Bridge Ruins
29%
Akkala Akkala Parade Ground Ruins
29%
Central Castle Town Prison
29%
Central Castle Town Watchtower
29%
Central Central Square
29%
Wasteland East Gerudo Ruins
29%
Central Gatepost Town Ruins
29%
Lake Guchini Plain Barrows
29%
Central Hyrule Cathedral
29%
Central Hyrule Forest Park
29%
Central Hyrule Garrison Ruins
29%
Central Kolomo Garrison Ruins
29%
Lanayru Moor Garrison Ruins
29%
Central Sage Temple Ruins
29%
Wasteland West Gerudo Ruins
29%
Central Coliseum Ruins
14%
Dueling Peaks Outpost Ruins
14%
Central Sacred Ground Ruins
14%
No matching quizzes found
Score Distribution
Percent of People with Each Score
Percentile by Number Answered
Your Score History
You have not taken this quiz since the last reset